Normal view
MARC view
- Broadbent G
Entry Personal Name
001 - CONTROL NUMBER
- control field: 106476
003 - CONTROL NUMBER IDENTIFIER
- control field: OSt
005 - DATE AND TIME OF LATEST TRANSACTION
- control field: 20230116130508.0
008 - FIXED-LENGTH DATA ELEMENTS
- fixed length control field: 230116|| aca||aabn | a|a d
040 ## - CATALOGING SOURCE
- Original cataloging agency: OSt
- Transcribing agency: OSt
100 ## - HEADING--PERSONAL NAME
- Personal name: Broadbent G
670 ## - SOURCE DATA FOUND
- Source citation: Work cat.: (OSt)84064: Broadbent G., Design In Achitecture : ArchitectureAnd The Human Science., 1973